000 01041nam a2200301 c 4500
003 BLK
005 20250224112212.0
008 180408b bul|||||r ||||||| ||bul||
010 _aKNG00058047000
040 _aBLK
041 _aBUL
_cBUL
072 7 _2bullib
_aН84
_xБългарска художествена литература Н
080 _aБългарска литература
_b821.163.2
_x-31
_z821.163.2-31
100 1 _aТренчев, Спасимир Стоянов
_eпърви автор
_9285390
139 _aТренчев, Спасимир Стоянов
_bТ 82
245 1 0 _aАпартаментът
_bРоман
_cСпасимир Стоянов Тренчев.
257 _aBGR
260 Благоевград
_bЛингея
_c2010
300 _a208 с.
_c20 см
380 _aX
659 _aН
852 _aЦб 254386
856 4 _qpdf
_u
856 4 _qpdf
_u
942 _cKNG
_n0
_07
944 _aCR
_c11.01.2012
_k30531
_lЦветелина Шанова
944 _aED
_c31.01.2012
_k
999 _c54103
_d54103